00479nam a2200193 a 4500001001300000003000900013005001700022008004100039020000800080082001600088100002000104245002900124260004200153300000900195500003500204505001000239650001600249700002000265nice12345678IN_TiNIC20260116011306.0050524s1959 alia grp 000 0 urd  ac200a891.41bAKH aAkhtar Ansari,  aGhazal Awr Dars-E-Ghazal aAligarhbAnjuman Taraqqi-E-Urduc1959 a125p aincludes index and biblioraphy2 aIndex aUrdu-Poetry1 aAkhtar Ansari,